Recent research on bamboos : proceedings of the International Bamboo Workshop, October 6-14, 1985, Hangzhou, People's Republic of China /
Saved in:
| Corporate Authors: | , , , , |
|---|---|
| 其他作者: | , , |
| 格式: | 图书 |
| 语言: | English |
| 出版: |
[Hangzhou] : [Ottawa] :
Chinese Academy of Forestry, People's Republic of China ; International Development Research Centre, Canada,
c1987.
|
| 主题: | |
| 标签: |
添加标签
没有标签, 成为第一个标记此记录!
|
| LEADER | 01651nam a2200313Ia 4500 | ||
|---|---|---|---|
| 001 | 007747859-2 | ||
| 005 | 20090713015735.0 | ||
| 008 | 880415s1987 ch ab b 100 0 eng d | ||
| 020 | |a 9971847329 (pbk.) | ||
| 035 | 0 | |a ocm17795261 | |
| 040 | |a SMI |c SMI |d BOH | ||
| 090 | |a SB317.B2 |b I58 1985x | ||
| 111 | 2 | |a International Bamboo Workshop |d (1985 : |c Hangzhou, China) | |
| 245 | 1 | 0 | |a Recent research on bamboos : |b proceedings of the International Bamboo Workshop, October 6-14, 1985, Hangzhou, People's Republic of China / |c organised jointly by Ministry of Forestry, Peoples Republic of China, International Development Research Centre, Canada, International Union of Forestry Research Organisations ; editors, A.N. Rao, G. Dhanarajan, C.B. Sastry. |
| 260 | |a [Hangzhou] : |b Chinese Academy of Forestry, People's Republic of China ; |a [Ottawa] : |b International Development Research Centre, Canada, |c c1987. | ||
| 300 | |a v, 393 p. : |b ill., maps ; |c 26 cm. | ||
| 504 | |a Includes bibliographical references. | ||
| 505 | 0 | |a Bamboo resources and country reports -- Cultivation and production -- Growth and propagation -- Structure and properties -- Diseases -- Utilization -- Socio-economics -- Reports and sessions. | |
| 650 | 0 | |a Bamboo |v Congresses. | |
| 650 | 0 | |a Bamboo |x Industrial applications |v Congresses. | |
| 710 | 1 | |a China. |b Lin ye bu. | |
| 700 | 1 | |a Rao, A. N. | |
| 700 | 1 | |a Dhanarajan, G. | |
| 700 | 1 | |a Sastry, C. B. | |
| 710 | 2 | |a International Development Research Centre (Canada) | |
| 710 | 2 | |a International Union of Forestry Research Organizations. | |
| 710 | 2 | |a International Network for Bamboo and Rattan. | |
| 988 | |a 20020608 | ||
| 906 | |0 OCLC | ||


